000 00421nam a22001697a 4500
003 NUST - PNEC
005 20170116180831.0
008 150731b xxu||||| |||| 00| 0 eng d
020 _a9788122428131
040 _cLIBRARY
082 _a518 DUK
100 _94660
_aDukkipati, Rao V.
245 _aNumerical methods
_cRao v. dukkipati
250 _a1st ed
650 _94661
_aNumerical analysis
_xME
942 _2ddc
_cBK
999 _c64038
_d64038